000 00374 a2200157 4500
001 180494
020 _a
040 _cMagnum
100 _aImenes, Luiz Marcio
240 1 0 _aVivendo a matematica/geometria dos mosaicos
_lpor
245 1 0 _aVivendo a matematica/geometria dos mosaicos
362 0 _a1899
440 1 _aScipione
697 _aMAGNITO: GERAL
942 _cBK
999 _c180494
_d180494